00525nam a22001697a 450000500170000001000150001702000260003203500140005803700130007208200160008510000200010124500630012126000360018427000910022030000200031150000240033120190214114742.0 aENG-124788 a9788188571802c500.00 aEN-108320 bDBAD/PUB a823.9109954 aParekh Keyur K. aNew avenues of Indian english fiction/cby Keyur K. Parekh aKanpurbChintan Prakashanc2014 a3A/119, Avas Vikas,HanspurambKanpure208021k0512-2626265mchintanprakashan@gmail.com a160p.c22cm(Hb) aincludes references